|
|
|
|
| LEADER |
00000cam a2200000 i 4500 |
| 001 |
1/8705 |
| 008 |
000711s1999 gr | ||| ||| ||gre|| |
| 020 |
|
|
|a 9602864338
|
| 035 |
|
|
|l 10062782
|
| 040 |
|
|
|a GR-MyUa
|b gre
|e AACR2
|
| 041 |
1 |
|
|a gre
|h eng
|
| 082 |
7 |
|
|a 647.940688
|2 (22)
|
| 082 |
7 |
|
|a 338.4791
|2 (23)
|
| 100 |
1 |
|
|a Morrison, Alastair M.
|
| 245 |
1 |
0 |
|a Τουριστικό και ταξιδιωτικό μάρκετινγκ /
|c Alastair M. Morrison ; μετάφραση Στέργιος Ρεκούδης.
|
| 250 |
|
|
|a 2η έκδ.
|
| 260 |
|
|
|a Αθήνα :
|b Ελλην,
|c c1999.
|
| 300 |
|
|
|a 636 σ. :
|b εικ. ;
|c 24 εκ.
|
| 504 |
|
|
|a Περιλαμβάνει βιβλιογραφίες.
|
| 650 |
|
0 |
|a Hospitality industry
|x Marketing.
|
| 650 |
|
0 |
|a Tourism
|x Marketing.
|
| 765 |
0 |
8 |
|i Μετάφραση του:
|t Hospitality and travel marketing /
|
| 852 |
|
|
|a INST
|b CHIOS
|e 20000711
|h 647.940688 MOR
|p 005200017496
|q 005200017496
|t BK
|y 0
|
| 852 |
|
|
|a INST
|b CHIOS
|e 20020308
|h 647.940688 MOR
|p 005200019922
|q 005200019922
|t BK
|y 0
|
| 852 |
|
|
|a INST
|b CHIOS
|e 20020308
|h 647.940688 MOR
|p 005200019923
|q 005200019923
|t BK
|y 0
|
| 852 |
|
|
|a INST
|b CHIOS
|e 20010808
|h 647.940688 MOR
|p 005200021019
|q 005200021019
|t BK
|y 0
|
| 852 |
|
|
|a INST
|b CHIOS
|e 20040108
|h 647.940688 MOR
|p 005200036633
|q 005200036633
|t BK
|y 0
|
| 852 |
|
|
|a INST
|b SYROS
|e 20170907
|h 338.4791 MOR
|p 005500013132
|q 005500013132
|t BK
|y 0
|
| 901 |
|
|
|a BIBL2-2000-2
|
| 901 |
|
|
|a BIBL2-2001-2
|
| 901 |
|
|
|a BIBL2-2002-1
|
| 901 |
|
|
|a BIBL2-2004-1
|
| 970 |
|
|
|a Σπέντζα
|b Ελένη
|z 10/08/2000
|